Fundamentals of Compuetrs (Record no. 12503)

MARC details
000 -LEADER
fixed length control field 00387nam a22001697a 4500
003 - CONTROL NUMBER IDENTIFIER
control field OSt
008 - FIXED-LENGTH DATA ELEMENTS--GENERAL INFORMATION
fixed length control field 240415b |||||||| |||| 00| 0 eng d
020 ## - INTERNATIONAL STANDARD BOOK NUMBER
International Standard Book Number 9788120350670
082 ## - DEWEY DECIMAL CLASSIFICATION NUMBER
Classification number 004 RAF
100 ## - MAIN ENTRY--PERSONAL NAME
Personal name RAJARAMAN,V
245 ## - TITLE STATEMENT
Title Fundamentals of Compuetrs
250 ## - EDITION STATEMENT
Edition statement 6th Ed
260 ## - PUBLICATION, DISTRIBUTION, ETC. (IMPRINT)
Place of publication, distribution, etc New Delhi
Name of publisher, distributor, etc PHI
Date of publication, distribution, etc 2024
300 ## - PHYSICAL DESCRIPTION
Extent 428
700 ## - ADDED ENTRY--PERSONAL NAME
Personal name ADABALA,Neeharika
942 ## - ADDED ENTRY ELEMENTS (KOHA)
Source of classification or shelving scheme Dewey Decimal Classification
Koha item type Reference Books
Holdings
Withdrawn status Lost status Source of classification or shelving scheme Damaged status Not for loan Collection code Home library Current library Date acquired Source of acquisition Currency Cost, normal purchase price Bill Number Total Checkouts Full call number Acc. no. / Barcode Date last seen Actual Cost, discounted price Bill Date Koha item type
    Dewey Decimal Classification     B.Tech(IT) PIET C-LIBRARY PIET C-LIBRARY 31/03/2024 Zafaa Books and Distributors In rupees 495.00 ZBD0489   004 RAF 36967 15/04/2024 346.50 31/03/2024 Reference Books

Design & Developed by: PIET Central Library
R70 Miles Stone Pattikalyana Samalkha Panipat 132102
mail ID :- [email protected], Phone No:- 0180-2569700 Ex.216